| 000 | 00534nam a2200205Ia 4500 | ||
|---|---|---|---|
| 005 | 20260429112049.0 | ||
| 008 | 260429s9999||||xx |||||||||||||| ||und|| | ||
| 020 | _a9781835353288 | ||
| 041 | _aEnglish | ||
| 082 |
_a613.7 _bKOH |
||
| 100 | _aKohl, W. | ||
| 245 | 0 |
_aFitness and training in sports / _cW. Kohl |
|
| 250 | _a1st ed. | ||
| 260 |
_aLondon : _bETP ED- Tech Press, _c2025. |
||
| 300 | _axv, 341 p.; hb | ||
| 650 | _a Exercise physiology | ||
| 650 | _a Physical fitness | ||
| 650 | _aSports training | ||
| 942 | _cTB | ||
| 999 |
_c52157 _d52157 |
||